[Event "Bariloche Peon Dama op"]
[Site "Bariloche"]
[Date "2024.03.16"]
[Round "4"]
[White "Lloyd, Ryan"]
[Black "Lopez Denazis, Santiago"]
[Result "0-1"]
[WhiteElo "1836"]
[BlackElo "1744"]
[PlyCount "76"]
[EventDate "2024.03.15"]
[EventType "swiss"]
[EventRounds "7"]
[EventCountry "ARG"]
[SourceTitle "CB13_2024"]
[SourceDate "2024.03.27"]
[SourceVersion "1"]
[SourceVersionDate "2024.03.27"]
[SourceQuality "1"]

1. e4 c5 2. d4 cxd4 3. c3 dxc3 4. Nxc3 Nc6 5. Nf3 d6 6. Bc4 e6 7. 0-0 Be7 8. Qe2 Nf6 9. Rd1 Ng4 10. Bf4 e5 11. Bg3 0-0 12. h3 Nf6 13. Nxe5 Be6 14. Bxe6 fxe6 15. Nc4 d5 16. exd5 exd5 17. Qe6+ Kh8 18. Nxd5 Nxd5 19. Rxd5 Qc8 20. Rd7 Rf6 21. Qd5 Qf8 22. Rd1 Bc5 23. Ne3 Re8 24. Ng4 Rfe6 25. Qd2 Qf5 26. Rd5 Qf8 27. Rd7 h5 28. Ne3 Rxe3 29. Qd5 R3e6 30. Qxh5+ Rh6 31. Qg5 Qf6 32. Qxc5 Qxb2 33. Qf5 Qe2 34. Qf7 Rg8 35. Bf4 Rf6 36. Qxf6 gxf6 37. R1d5 Ne5 38. Re7 Nf3+ 0-1